| 000 | 00000nam##2200000za#4500 |
| 001 | 9.662720 |
| 003 | CaOODSP |
| 005 | 20210615120715 |
| 007 | ta |
| 008 | 150407|2001||||xxc||||| f|0| 0 fre|d |
| 020 | |a0-662-65678-4 |
| 040 | |aCaOODSP|bfre |
| 041 | |aeng |
| 041 | |afre |
| 043 | |an-cn--- |
| 086 | 1 |aCL4-3/2001 |
| 110 | 1 |aCanada.|bRéseau du leadership. |
| 245 | 10|aBravo: guide pour l'instauration d'une culture de la reconnaissance à la fonction publique du Canada |
| 260 | |aOttawa - Ontario : |bRéseau du leadership |c2001. |
| 300 | |aTexte français, 18p. : |bréférences ; |c23 cm. |
| 500 | |a«Bravo! est un guide qui vise à mettre en place une culture de la reconnaissance dans la fonction publique afin d'appuyer les priorités centrales et les orientations ministérielles... Ce guide propose un modèle en sept étapes pour bâtir une culture de la reconnaissance et contient 20 méthodes stimulantes et efficaces pour que la fierté et la reconnaissance fassent partie intégrante des initiatives de renouveau de la fonction publique au gouvernement du Canada»--Page 4. |
| 520 | 3 |aBravo! est un guide qui vise à mettre en place une culture de la reconnaissance dans la fonction publique afin d'appuyer les priorités centrales et les orientations ministérielles... Ce guide propose un modèle en sept étapes pour bâtir une culture de la reconnaissance et contient 20 méthodes stimulantes et efficaces pour que la fierté et la reconnaissance fassent partie intégrante des initiatives de renouveau de la fonction publique au gouvernement du Canada--Page 4 |
| 546 | |aBilingue |
| 563 | |aCouverture souple |
| 590 | |a01-29|b2001-07-20 |
| 776 | 0#|tBravo : |w(CaOODSP)9.639893 |
| 776 | 0#|tBravo : |w(CaOODSP)9.695771 |
| 791 | |tBravo: a guide to implement a culture of recognition in the Public Service of Canada |eeng|w(CaOODSP)9.662719 |